000 00932nam a22002897a 4500
003 CHAP
005 20220329143834.0
008 111128s1964 mx r 00010 spa d
010 _a102580
011 _a103552
035 _a114241
040 _cCHAP
082 0 4 _a025.27
_bEn11
110 2 _aENA. Biblioteca Central
_936674
245 1 0 _aBiblioteca Central :
_bboletín
_c/por ENA. Biblioteca Central
260 _aChapingo, Méx. :
_bENA. Biblioteca Central,
_c1964
300 _aPaginación varia
590 _aBATCH-UPD
_b10
_c20130110
_lUCH01
_h1320
590 _aBATCH-UPD
_b10
_c20130410
_lUCH01
_h0830
590 _aBATCH-UPD
_b10
_c20130914
_lUCH01
_h1724
590 _aCONVERSION
_b10
_c20130109
_lUCH01
_h1356
650 1 4 _aLibros
_xCatálogos colectivos.
_966657
650 1 4 _aSelección de libros.
_9103776
901 _aBK
942 _cLIBRO
949 _a025.27 En11
_bBC
_cUACH
_d33724002315058
_eUACH
_h116140
_i114241
_sb
999 _c102580
_d102580